Perlmann's silence / (Record no. 3891)

MARC details
000 -LEADER
fixed length control field 00846nam a22002537a 4500
001 - CONTROL NUMBER
control field 3891
003 - CONTROL NUMBER IDENTIFIER
control field FISKH
005 - DATE AND TIME OF LATEST TRANSACTION
control field 20240521151239.0
008 - FIXED-LENGTH DATA ELEMENTS--GENERAL INFORMATION
fixed length control field 240521b cb ||||| |||| 00| 0 eng d
040 ## - CATALOGING SOURCE
Original cataloging agency FISK
Language of cataloging eng
Transcribing agency FISK
Modifying agency FISK
050 ## - LIBRARY OF CONGRESS CALL NUMBER
Classification number PT2673.E6827
082 ## - DEWEY DECIMAL CLASSIFICATION NUMBER
Classification number 833.914
100 ## - MAIN ENTRY--PERSONAL NAME
Personal name Mercier Pascal
Dates associated with a name 1944-2023
245 ## - TITLE STATEMENT
Title Perlmann's silence /
Statement of responsibility, etc. Pascal Mercier
260 ## - PUBLICATION, DISTRIBUTION, ETC.
Place of publication, distribution, etc. London :
Name of publisher, distributor, etc. Atlantic Books,
Date of publication, distribution, etc. 2011
300 ## - PHYSICAL DESCRIPTION
Extent 616 pages :
Dimensions 18 cm
505 ## - FORMATTED CONTENTS NOTE
Formatted contents note M
520 ## - SUMMARY, ETC.
Summary, etc. Prominent linguist and widower Philipp Perlmann contemplates drastic measures when he faces exposure after plagiarizing a colleague's work for his keynote address at an important academic gathering in Genoa.
521 8# - TARGET AUDIENCE NOTE
Target audience note 910
Source Lexile estimates
521 8# - TARGET AUDIENCE NOTE
Target audience note M
Source Raz-Plus
700 ## - ADDED ENTRY--PERSONAL NAME
Personal name Pascal Mercier
942 ## - ADDED ENTRY ELEMENTS (KOHA)
Source of classification or shelving scheme Dewey Decimal Classification
Koha item type Books
Suppress in OPAC No
Holdings
Withdrawn status Lost status Source of classification or shelving scheme Damaged status Not for loan Collection Home library Current library Shelving location Date acquired Total Checkouts Full call number Barcode Date due Date last seen Date last checked out Copy number Price effective from Koha item type
    Dewey Decimal Classification     Fiction Footprints International School Library Network Toul Kork Campus Footprints International School Library Network Toul Tom Poung Campus TTP Secondary Fiction Bookshelves 05/21/2024 1 MER PT2673.E6827 833.914 2024-0669 01/26/2026 01/12/2026 01/12/2026 1 05/21/2024 Books